banner-ar

من انطباعات اساتذة الجامعات اللبنانية عن الحوار مع العقيد معمر القذافى / (Record no. 50660)

MARC details
000 -الفاتح
حقل البيانات ثابتة الطول 00764nam a2200193Ia 4500
008 - عناصر البيانات ثابتة الطول - معلومات عامة
حقل البيانات ثابتة الطول 140319s9999 xx 000 0 ara d
040 ## - مصدر الفهرسة
وكالة الفهرسة الأصلية GCL /
وكالة النسخ GCL
082 04 - رقم تصنيف ديوى العشرى
رقم التصنيف 320.9
رقم المادة م م
100 1# - المدخل الرئيسى - إسم شخصى
الإسم الشخصى المنشأة العامة للنشروالتوزيع
245 10 - بيان العنوان
العنوان من انطباعات اساتذة الجامعات اللبنانية عن الحوار مع العقيد معمر القذافى /
بيان المسئوليه,etc المنشأة العامة للنشروالتوزيع
300 ## - الوصف المادى
التعداد 234 ص
490 ## - بيان السلسلة
عنوان السلسلة الهيئة العامة للاستعلامات
رقم المجلد/ التعيين التسلسلي 0
650 04 - المدخل الاضافى بالموضوع-مصطلح موضوعى
مصطلح موضوعي التعاون الدولى
650 04 - المدخل الاضافى بالموضوع-مصطلح موضوعى
مصطلح موضوعي السياسة الدولية
650 04 - المدخل الاضافى بالموضوع-مصطلح موضوعى
مصطلح موضوعي معمر القذافى
650 04 - المدخل الاضافى بالموضوع-مصطلح موضوعى
مصطلح موضوعي ليبيا - الاحوال السياسية
942 ## - عناصر المدخل الإضافي( كوها)
مصدر التصنيف او مخطط الترفيف Dewey Decimal Classification
Koha [default] item type كتاب
Holdings
حالة التراجع حالة الفقد حالة تلف ليس للاعارة المكان المؤقت الموقع الحالى تاريخ الاكتساب اجمالي اﻻعارات رقم الطلب الباركود تاريخ اخر مشاهدة تاريخ تفعيل السعر نوع وعاء كوها
        مكتبة القاهرة الكبرى مكتبة القاهرة الكبرى 03/26/2014   320.9\م م 121531 03/26/2014 03/26/2014 كتاب

Powered By

EGPV